| 000 | 00633nam a22001937a 4500 | ||
|---|---|---|---|
| 003 | OSt | ||
| 005 | 20260312061632.0 | ||
| 008 | 260312b |||||||| |||| 00| 0 eng d | ||
| 020 | _a971-513-197-2.D | ||
| 040 |
_aDWCL Main lib _cOC |
||
| 082 |
_2Revised 2006 ed. _aFil. 338.4 H434 2006 |
||
| 100 | _aEPH STAFF | ||
| 245 |
_aHealth economics with agrarian reform and taxation in the Philippine setting _cEPH STAFF |
||
| 250 | _aRevised 2006 ed. | ||
| 260 |
_aManila : _bEducational Publishing House, _cc2006. |
||
| 300 |
_axiv, 404 p. ; _b23 cm. |
||
| 650 | _aMedical economics. | ||
| 942 |
_2ddc _cBK - FIL _eRevised 2006 ed. _kFil. _n0 |
||
| 999 |
_c9041 _d9041 |
||